Регионална библиотека "Любен Каравелов" - Русе

Ветераните разказват (Запис номер 447300)

MARC детайли
000 -Лидер
Контролно поле с фиксирана дължина 00936nam a2200265 c 4500
003 - Код на организацията, давaща контролен номер
Контролно поле BLK
005 - Дата и час на последна редакция
Контролно поле 20230727124924.0
008 - Елементи от данни с фиксирана дължина
fixed length control field 180411b bul|||||r ||||||| ||bul||
040 ## - Източник на каталожния запис
Идентификатор на билиотеката - собственик на записа BLK
041 ## - Код за език
Код за езика на текст/звукозапис или на отделно заглавие Български
Код за езика КДБФ Български
080 ## - УДК
Текстов определител УДК Месо и месни продукти (хранителни) (Вж и 664. 9 ; 637. 51)
УДК код - определител по УДК 637.5
УДК определител (497.215)(062)
УДК - код + определител 637.5(497.215)(062)
139 ## - Редно поле
Авторски знак Вет - В 53
245 10 - Сведения за заглавието
Заглавие Ветераните разказват
Подзаглавни данни 100 години "Родопа" - Русе : 1886 - 1986
Физически носител (вид на носителя) [Малотир. изд.]
257 ## - Страна на издаване
Страна на създаване/издаване България
260 ## - Област на издателските данни
Име на издателя, разпространителя и проч. ДСО Родопа
Година на издаване 1986
9 (RLIN) 424764
Място на издаване, разпространение и проч. Русе
300 ## - Физическа характеристика
Страници 27 с.
Размери/Мащаб 21 см
380 ## - Жанр
Жанр Селско стопанство
653 #7 - Ключова дума – ненормативна
9 (RLIN) 190864
Ключова дума месна промишленост
653 #0 - Ключова дума – ненормативна
9 (RLIN) 467704
Ключова дума месопреработване
852 ## - Местоположение
Фондова буква Краезнание
Систематично-азбучна сигнатура К 63/В 53
856 4# - Електронен адрес и достъп
Електронен формат pdf - файл
856 4# - Електронен адрес и достъп
Електронен формат pdf - файл
999 ## - СИСТЕМНИ КОНТРОЛНИ НОМЕРА
Koha biblionumber 447300
Koha biblioitemnumber 447300
942 ## - АРТИКУЛИ
Вид на библиотечния материал Книги
Скрит в OPAC Не
Периодичен библиозапис Да
Koha issues (borrowed), all copies 2
944 ## - СЪЗДАВАНЕ И РЕДАКЦИЯ на ЗАПИСА
Създаване/Редакция Създаване
Дата на регистрацията/редакция 2022-03-07
Служител, извършил регистрацията/редакцията 30556
Статус, дата на статуса Теодора Пейчева-Дянкова
Наличности
Код за отписване Код за изгубен артикул Източник на класификационната схема Код за повреда Коз за рестрикции Код за отдаване Артикулен № Име на библиотеката - собственик Име на библиотеката, в която се намира в момента Статус (Текущо местоположение) Дата на вписване в системата Местоположение - отдел Цена в лева Систематично азбучна сигнатура Баркод Цена в евро Служебен тип на артикула
  Не е изгубен Universal Decimal Classification Не е повреден само за читалня ползва се в читалня 875044 Регионална библиотека "Любен Каравелов" Русе Регионална библиотека "Любен Каравелов" Русе Краезнание 2022-03-14 Краезнание 1.00 К 63/В 53 120000867949 0.51 Книги
Vip Innovations Ltd, Rousse, Bulgaria 2025